000 02174cam a22005297a 4500
003 CHAP
005 20220329142821.0
008 040331s2003 mx ad r 00010 spa d
010 _a88208
011 _a89180
035 _a99731
040 _cCHAP
090 _aTesis
100 0 0 _aJuárez Cruz, Gabriela.
_962399
245 1 0 _aControl de calidad e impacto de dos especies parasíticas:
_bSpalangia endius Walker y Muscidifurax raptor Girault & Sanders (Hymonoptera: Pteromalidae), bajo condiciones de laboratorio en Chapingo, México
_c/por Gabriela Juárez Cruz
260 _aChapingo, Méx. :
_bEl autor,
_c2003
300 _a48 h. :
_bilus. ; gráfs. ; cuadros
502 _aTesis (Ing. Agr. Esp. en Parasitología Agrícola) -- UACH. Departamento de Parasitología Agrícola
530 _aTambién disponible en línea
590 _aALEPH
_b10
_c20130110
_lUCH01
_h1456
590 _aBATCH-UPD
_b10
_c20130110
_lUCH01
_h0337
590 _aBATCH-UPD
_b10
_c20130110
_lUCH01
_h1833
590 _aBATCH-UPD
_b10
_c20130410
_lUCH01
_h0010
590 _aBATCH-UPD
_b10
_c20130410
_lUCH01
_h1608
590 _aBATCH-UPD
_b10
_c20130914
_lUCH01
_h0340
590 _aBATCH-UPD
_b10
_c20130914
_lUCH01
_h2033
590 _aBATCH-UPD
_b10
_c20140324
_lUCH01
_h1442
590 _aBATCH-UPD
_b10
_c20141002
_lUCH01
_h0820
590 _aCONVERSION
_b10
_c20130109
_lUCH01
_h1349
650 1 4 _aAnimales domésticos
_xParásitos.
_95911
650 1 4 _aControl biológico de insectos.
_927582
650 1 4 _aControl biológico de plagas.
_927587
650 1 4 _aInsectos
_xOrganos reproductores.
_958937
650 1 4 _aInsectos
_xParásitos.
_958938
650 1 4 _aInsectos
_xReproducción.
_958940
650 1 4 _aMusca domestica.
_979867
650 1 4 _aMuscidifurax raptor.
_979869
650 1 4 _aParasitoides.
_985467
650 1 4 _aSpalangia.
_9109115
650 1 4 _aStomoxys calcitrans.
_9109878
856 _3Finding aid
_uhttp://10.13.5.2/tesis/99731.pdf
_zTeclea aqui
901 _aBK
905 _aMarco A. Mendoza T.
942 _cFOLL
949 _aTesis
_bBC
_cTES
_d33724000893608
_eTS2
_fc.2
_gDonaciØn
_h41635
_i99731
_si
949 _aTesis
_bBC
_cTES
_d997311
_eTS1
_gDonaciØn
_h41634
_i99731
_sb
999 _c88208
_d88208